000 00678nam a22002177a 4500
003 UA-OsUOA
001 122119
007 ta
008 20170410b un ||||| |||| 00| 0 ukr d
100 _aВареник В.
090 _a330(477)
_bВ18
942 _cSA
040 _aUA-OsUOA
_bukr
_cUA-OsUOA
_dUA-OsUOA
245 _aПодатковий контроль та антикорупційна політика: закордонний досвід
300 _aС.29-37
955 _a0
041 _aukr
080 _a330(477)
773 0 _w122115
_tБухгалтерський облік і аудит
_dК.
_d2017
_g1
650 7 _a330 Економіка взагалі
_2UDC
999 _c408097
_d408097